| 000 | 00824cam a22002535a 4500 | ||
|---|---|---|---|
| 001 | 1685679 | ||
| 005 | 20160823134611.0 | ||
| 008 | 990312s1999 ncu frb f001 0 eng d | ||
| 020 | _a082232427X (alk. paper) | ||
| 020 | _a0822324644 (pbk. : alk. paper) | ||
| 040 |
_aDLC _cDLC _dDLC _dEG-ScBUE _beng |
||
| 082 | 0 | 4 |
_a321.09409 _222 _bHAL |
| 100 | 1 |
_aHalliday, Fred. _934259 |
|
| 245 | 1 | 0 |
_aRevolution and world politics : _bthe rise and fall of the sixth great power / _cFred Halliday. |
| 260 |
_aDurham : _bDuke University Press, _c1999. |
||
| 300 |
_axix, 402 p. ; _c23 cm. |
||
| 500 | _aIndex : p. 396-402. | ||
| 504 | _aBibliography : p. 378-395. | ||
| 650 | 7 |
_aRevolutions _xHistory. _2BUEsh _940817 |
|
| 650 | 7 |
_aWorld politics. _2BUEsh _911141 |
|
| 651 | _2BUEsh | ||
| 653 |
_bBUSBOL _cAugust 2016 |
||
| 942 | _2ddc | ||
| 999 |
_c22205 _d22177 |
||